000
00346nam a2200145Ia 4500
008
100122s9999 xx 000 0 und d
082
_b
7163
_a
823
100
_a
HALBERT FOOTNER
245
_a
WHO KILLED THE HUSBAND
260
_c
1956
300
_a
50
630
_a
WHO KILLED THE HUSBAND
730
_a
WHO KILLED THE HUSBAND
942
_c
BOOK
999
_c
443505
_d
443502